书目信息 |
| 题名: |
女人、火与危险事物
|
|
| 作者: | 乔治·莱考夫 著 ;李葆嘉 , 章婷 , 邱雪玫 著 | |
| 分册: | 下册 | |
| 出版信息: | 北京 世界图书出版公司北京公司 2017 |
|
| 页数: | 385,693页 | |
| 开本: | 23cm | |
| 丛书名: | 外国语言学名著译丛 | |
| 单 册: | ||
| 中图分类: | H0-06 | |
| 科图分类: | ||
| 主题词: | 认知语言学--ren zhi yu yan xue--研究 | |
| 电子资源: | ||
| ISBN: | 978-7-5192-2198-0 | |
| 000 | 01576nam0 22003131 450 | |
| 001 | 1754540793 | |
| 005 | 20170522155325.76 | |
| 010 | @a978-7-5192-2198-0@dCNY115.00 (全2册) | |
| 100 | @a20170426d2017 em y0chiy50 ea | |
| 101 | 1 | @achi@ceng |
| 102 | @aCN@b110000 | |
| 105 | @aa z 000yy | |
| 106 | @ar | |
| 200 | 1 | @a女人、火与危险事物@9nv ren huo yu wei xian shi wu@e范畴显示的心智@dWomen, fire and dangerous things@ewhat categories reveal about the mind@h下册@f(美)乔治·莱考夫(George Lakoff)著@g李葆嘉,章婷,邱雪玫译@zeng |
| 210 | @a北京@c世界图书出版公司北京公司@d2017 | |
| 215 | @a385,693页@c照片@d23cm | |
| 225 | 2 | @a外国语言学名著译丛@9wai guo yu yan xue ming zhu yi cong |
| 330 | @a本书是认知语言学大家George Lakoff最著名的著作,也是认知语言学界的经典之作。本书根据人类的范畴化以及认知模式研究,阐述了新的“经验主义”。第一册“超越机器的心智”,包括范畴与认知模式、哲学的启示两大部分;第二册“实例研究”论证了采用经验主义方法可以做些什么。作为认知科学领域的一座里程碑,本书为我们打开了一扇进一步观察心智和语言奥秘的窗口。 | |
| 461 | 0 | @12001 @a外国语言学名著译丛 |
| 510 | 1 | @aWomen, fire and dangerous things@ewhat categories reveal about the mind@zeng |
| 517 | 1 | @a范畴显示的心智@9fan chou xian shi de xin zhi |
| 606 | 0 | @a认知语言学@9ren zhi yu yan xue@x研究 |
| 690 | @aH0-06@v5 | |
| 701 | 0 | @c(美)@a乔治·莱考夫@9qiao zhi lai kao fu@c(George Lakoff)@4著 |
| 702 | 0 | @a李葆嘉@9li bao jia@4著 |
| 702 | 0 | @a章婷@9zhang ting@4著 |
| 702 | 0 | @a邱雪玫@9qiu xue mei@4著 |
| 801 | 0 | @aCN@b百万庄@c20170513 |
| 905 | @b1006350-3@dH0-06@e238:2@f4 | |
| 女人、火与危险事物:范畴显示的心智=Women, fire and dangerous things:what categories reveal about the mind.下册/(美)乔治·莱考夫(George Lakoff)著/李葆嘉,章婷,邱雪玫译.-北京:世界图书出版公司北京公司,2017 |
| 385,693页:照片;23cm.-(外国语言学名著译丛) |
| ISBN 978-7-5192-2198-0:CNY115.00 (全2册) |
| 本书是认知语言学大家George Lakoff最著名的著作,也是认知语言学界的经典之作。本书根据人类的范畴化以及认知模式研究,阐述了新的“经验主义”。第一册“超越机器的心智”,包括范畴与认知模式、哲学的启示两大部分;第二册“实例研究”论证了采用经验主义方法可以做些什么。作为认知科学领域的一座里程碑,本书为我们打开了一扇进一步观察心智和语言奥秘的窗口。 |
| ● |
| 相关链接 |
|
|
|
|
正题名:女人、火与危险事物
索取号:H0-06/238:2
 
预约/预借
| 序号 | 登录号 | 条形码 | 馆藏地/架位号 | 状态 | 备注 |
| 1 | 1006350 | 210063508 | 第二样本阅览室/ [索取号:H0-06/238:2] | 在馆 | |
| 2 | 1006351 | 210063517 | 教育系资料室/ [索取号:H0-06/238:2] | 在馆 | |
| 3 | 1006352 | 210063526 | 教育系资料室/ [索取号:H0-06/238:2] | 在馆 | |
| 4 | 1006353 | 210063535 | 教育系资料室/ [索取号:H0-06/238:2] | 在馆 |